SPORT, physical education, and social justice : religious, sociological, psychological, and capability perspectives

Saved in:
Bibliographic Details
Format: Book
Language:English
Published: Routledge 2022
Tags: Add Tag
No Tags, Be the first to tag this record!

MARC

LEADER 00000nam a22000007a 4500
008 240723b |||||||| |||| 00| 0 eng d
020 |a 9780367544263 
245 |a SPORT, physical education, and social justice  |b : religious, sociological, psychological, and capability perspectives  |c /edited by Nick. J.Watson, Grant Jarvie and Andrew Parker  |e (Routledge research in education)  |g xx, 185p 
250 |c Jarvie, Grant 
250 |c Watson, Nick J. 
250 |c Parker, Andrew 
260 |b Routledge  |c 2022  |h New York  |i 702147  |i 702148  |l GV706.5.Sp6  |m Sports- Social aspects  |m Sports- Religious aspects  |m Physical education and training- social aspects  |m Social justice 
500 |a it includes references and index 
942 |a lcc  |c BK  |e Johnson  |f 23/07/24 
952 |0 0  |1 0  |2 lcc  |4 0  |6 GV07065 S P6  |7 0  |9 5408  |a SSL  |b HOL  |c GJ  |d 2024-07-23  |l 0  |o GV706.5.Sp6  |p 2024-0649  |r 2024-07-23 00:00:00  |t 702147  |w 2024-07-23  |y BK 
952 |0 0  |1 0  |2 lcc  |4 0  |6 GV07065 S P6  |7 0  |9 5409  |a HOL  |b HOL  |c GJ  |d 2024-07-23  |l 0  |o GV706.5.Sp6  |p 2024-0650  |r 2024-07-23 00:00:00  |t 702148  |w 2024-07-23  |y BK 
999 |c 2675  |d 2675